|
|
|
|
| LEADER |
00000nam0a2200000 4500 |
| 001 |
339998 |
| 005 |
20231102005208.0 |
| 035 |
|
|
|a (RuTPU)RU\TPU\book\366544
|
| 090 |
|
|
|a 339998
|
| 100 |
|
|
|a 20180207d1975 km y0rusy50 ca
|
| 101 |
0 |
|
|a rus
|
| 102 |
|
|
|a RU
|
| 105 |
|
|
|a a z 001zy
|
| 200 |
1 |
|
|a Машинная имитация
|f Е. И. Яковлев
|g Академия наук СССР (АН СССР), Центральный экономико-математический институт (ЦЭМИ)
|
| 210 |
|
|
|a Москва
|c Наука
|d 1975
|
| 215 |
|
|
|a 158 с.
|c ил.
|
| 225 |
1 |
|
|a Проблемы советской экономики
|
| 320 |
|
|
|a Библиогр.: с. 153-156
|
| 606 |
1 |
|
|a Сложные системы
|x Математическое моделирование
|x (системы автоматического управления)
|2 stltpush
|3 (RuTPU)RU\TPU\subj\55199
|9 73259
|
| 610 |
1 |
|
|a имитация
|
| 610 |
1 |
|
|a имитационные модели
|
| 610 |
1 |
|
|a языки программирования
|
| 610 |
1 |
|
|a Симула
|
| 610 |
1 |
|
|a выборки
|
| 610 |
1 |
|
|a логические выражения
|
| 610 |
1 |
|
|a управляющие операторы
|
| 675 |
|
|
|a 681.51.015.26
|v 4
|
| 700 |
|
1 |
|a Яковлев
|b Е. И.
|g Евгений Ильич
|
| 712 |
0 |
2 |
|a Академия наук СССР (АН СССР)
|b Центральный экономико-математический институт (ЦЭМИ)
|c (Москва)
|2 stltpush
|3 (RuTPU)RU\TPU\col\11797
|
| 801 |
|
1 |
|a RU
|b 63413507
|c 20180207
|
| 801 |
|
2 |
|a RU
|b 63413507
|c 20181023
|g RCR
|
| 942 |
|
|
|c BK
|